000 00423cam a22001217a 4500
008 180718b1989 xxu||||| |||| 00| 0 eng d
082 _aP11x5432 H266
100 _aHaryana. Labour and Employment Departments
245 _aRequirement and availability of teaching personnel in Haryana during Seventh Five Year Plan 1985-90
260 _aChandigarh
_bThe author
_c1989
300 _a56p.
650 _aTeachers - India - Haryana
999 _c475523
_d475523